Identifique as imagens - Statistics

Estatísticas Gerais
  • Esse quiz foi jogado 166 vezes
  • A pontuação média é 22 de 28
Estatísticas das Respostas
Imagem Resposta % Correto
Estados Unidos
100%
Alemanha
99%
Austrália
99%
Brasil
99%
Canadá
99%
Portugal
99%
Índia
96%
Espanha
94%
Suíça
94%
Argentina
93%
França
93%
Rússia
93%
Reino Unido
92%
Turquia
92%
Ucrânia
89%
Irlanda
84%
Paquistão
76%
Malásia
73%
Costa do Marfim
72%
Afeganistão
66%
Singapura
64%
Armênia
60%
República Democrática do Congo
58%
República do Congo
57%
Libéria
50%
Líbia
50%
Seychelles
40%
São Vicente e Granadinas
38%
Nenhum quiz correspondente encontrado
Distribuição das Pontuações
Porcentagem de Pessoas com Cada Pontuação
Percentil de Números Respondidos
Sua Pontuação Histórica
Você não jogou esse quiz